000 00428nam a2200181Ia 4500
001 22958
005 20260414150905.0
008 260414t2013||||xx |||||||||||||| ||spa||
041 _aESP
082 _a624.171
_bG66
100 _aGonzález Cuevas, Óscar M.
_eAUT
245 0 _aAnálisis estructural
_b
260 _c2013
300 _a584 páginas :
_c26 cm.
650 _a0
654 _aCIC
942 _cLIB
_dJUS
_fJUS
_2ddc
_n
999 _c22958
_d22958